000 00583nam a2200193Ia 4500
005 20260114185824.0
008 008 260114s9999 xx 000 0 eng d
020 _a9781474219198
037 _aEBOOK
040 _aCRL
_beng
_cCRL
041 _aeng
_2eng
084 _qCRL
100 _aChristopher Partridge
_9874816
245 0 _aMortality and Music Popular Music and the Awareness of Death
260 _bBloomsbury
_c2015
856 _uhttps://doi.org/10.5040/9781474219198?locatt=label:secondary_bloomsburyCollections
942 _cEBOOK
999 _c1473750
_d1473750